How to be a wise leader (Record no. 76361)

MARC details
000 -LEADER
fixed length control field 01086nam a2200217 a 4500
008 - FIXED-LENGTH DATA ELEMENTS--GENERAL INFORMATION
fixed length control field 120416s2000 ||||||||||||||||| || u
020 ## - INTERNATIONAL STANDARD BOOK NUMBER
International Standard Book Number 9966215123
050 ## - LIBRARY OF CONGRESS CALL NUMBER
Classification number HD 57.7 Kap
100 ## - MAIN ENTRY--PERSONAL NAME
Personal name Kapena, Sumbye
245 10 - TITLE STATEMENT
Title How to be a wise leader
246 ## -
-- principles that work
260 ## - PUBLICATION, DISTRIBUTION, ETC.
Place of publication, distribution, etc. Nairobi
Name of publisher, distributor, etc. Paulines Publications
Date of publication, distribution, etc. 2000
300 ## - PHYSICAL DESCRIPTION
Extent 71 pages
350 ## -
-- 0.00
650 #0 - SUBJECT ADDED ENTRY--TOPICAL TERM
Topical term or geographic name entry element MANAGEMENT
650 #0 - SUBJECT ADDED ENTRY--TOPICAL TERM
Topical term or geographic name entry element LEADERSHIP
995 ## -
-- BINDERY (DAMAGED)
-- 0.00
-- 731154
-- CBU-MAIN LIBRARY (Kitwe)
-- 3
-- 7000.00
-- HD 57.7 Kap
-- 3
-- DAMAGED
-- Jul 7, 2006
-- 028556
-- Main Library Open Access Collection
995 ## -
-- SPECIAL COLLECTIONS
-- 0.00
-- 731161
-- CBU-MAIN LIBRARY (Kitwe)
-- 1
-- 7000.00
-- ZAM HD 57.7 KAP
-- 1
-- AVAILABLE
-- 028560
-- Zambiana Collection
995 ## -
-- BINDERY (DAMAGED)
-- 0.00
-- 731159
-- CBU-MAIN LIBRARY (Kitwe)
-- 4
-- 7000.00
-- HD 57.7 Kap
-- 4
-- DAMAGED
-- Jul 7, 2006
-- 028558
-- Main Library Open Access Collection
995 ## -
-- MAIN LIBRARY OPEN ACCESS
-- 0.00
-- 731160
-- CBU-MAIN LIBRARY (Kitwe)
-- 2
-- 7000.00
-- HD 57.7 Kap
-- 2
-- DAMAGED
-- Jul 7, 2006
-- 028559
-- Main Library Open Access Collection
999 ## -
-- 76361
-- 76361
Holdings
Withdrawn status Lost status Source of classification or shelving scheme Damaged status Not for loan Permanent Location Current Location Shelving location Date acquired Total Checkouts Full call number Barcode Date last seen Copy number Price effective from Koha item type
          CBU-MAIN LIBRARY, KITWE. CBU-MAIN LIBRARY, KITWE.   04/25/2023   HD 57.7 Kap 028556 04/25/2023 1 04/25/2023 MONOGRAPH
          CBU-MAIN LIBRARY, KITWE. CBU-MAIN LIBRARY, KITWE.   04/25/2023   HD 57.7 Kap 028560 04/25/2023 2 04/25/2023 SPECIAL COLLECTION
          CBU-MAIN LIBRARY, KITWE. CBU-MAIN LIBRARY, KITWE.   04/25/2023   HD 57.7 Kap 028558 04/25/2023 3 04/25/2023 MONOGRAPH
          CBU-MAIN LIBRARY, KITWE. CBU-MAIN LIBRARY, KITWE.   04/25/2023   HD 57.7 Kap 028559 04/25/2023 4 04/25/2023 MONOGRAPH